000 00398nam a22001697a 4500
999 _c11582
_d11582
003 OSt
008 221108b ||||| |||| 00| 0 eng d
020 _a9789327288254
082 _a330 PAH
100 _aPAUL, R.R.
245 _aHistory of Economic Thought
250 _aReprint
260 _aNew Delhi
_bKalyani Publishers
_c2022
300 _a588 p.
650 _aEconomics
942 _2ddc
_cBK